INSTRUMENTS IN OBSTETRICS AND GYN. (Record no. 609)

MARC details
000 -LEADER
fixed length control field 00327nam a2200133Ia 4500
008 - FIXED-LENGTH DATA ELEMENTS--GENERAL INFORMATION
fixed length control field 150201s2010 xx 000 0 und d
082 ## - DEWEY DECIMAL CLASSIFICATION NUMBER
Classification number 618
Item number I10R
100 ## - MAIN ENTRY--PERSONAL NAME
Personal name RABBANI,TAMKIN
245 ## - TITLE STATEMENT
Title INSTRUMENTS IN OBSTETRICS AND GYN.
250 ## - EDITION STATEMENT
Edition statement 2ND
260 ## - PUBLICATION, DISTRIBUTION, ETC. (IMPRINT)
Name of publisher, distributor, etc. CBS
Place of publication, distribution, etc. DELHI
Date of publication, distribution, etc. 2010
650 ## - SUBJECT ADDED ENTRY--TOPICAL TERM
Topical term or geographic name as entry element OBST & GYNAECOLOGY
942 ## - ADDED ENTRY ELEMENTS (KOHA)
Source of classification or shelving scheme Dewey Decimal Classification
Koha item type Books
Koha issues (borrowed), all copies 2
Holdings
Withdrawn status Lost status Source of classification or shelving scheme Damaged status Not for loan Collection code Home library Current library Shelving location Date acquired Source of acquisition Cost, normal purchase price SGTU Bill Number Total Checkouts Full call number Barcode Date last seen Bill Date Koha item type Date last checked out
    Dewey Decimal Classification     MEDICAL SGT Medical Library SGT Medical Library Text Book 26/02/2010 U.B.S. DELHI 95.00 SGTU 994   618 I10R FM2761 09/02/2015 26/02/2010 Books  
    Dewey Decimal Classification     MEDICAL SGT Medical Library SGT Medical Library Text Book 26/02/2010 U.B.S. DELHI 95.00 SGTU 994 5 618 I10R FM2762 20/05/2026 26/02/2010 Books 06/05/2026
    Dewey Decimal Classification     MEDICAL SGT Medical Library SGT Medical Library Text Book 26/02/2010 U.B.S. DELHI 95.00 SGTU 994 1 618 I10R FM2763 09/06/2022 26/02/2010 Books 09/06/2022
    Dewey Decimal Classification     MEDICAL SGT Medical Library SGT Medical Library Text Book 26/02/2010 U.B.S. DELHI 95.00 SGTU 994 1 618 I10R FM2764 25/04/2024 26/02/2010 Books 20/03/2024
    Dewey Decimal Classification     MEDICAL SGT Medical Library SGT Medical Library Text Book 26/02/2010 U.B.S. DELHI 95.00 SGTU 994   618 I10R FM2765 09/02/2015 26/02/2010 Books